Southville International School and Colleges
Your cart is empty.
  • Cart
  • Lists
    Public lists Eva Luna New books Lux_list list_1
    Your lists Log in to create your own lists
  • Log in to your account
  • Your cookies
  • Search history
Southville International School and Colleges
  • Advanced search
  • Recent comments
  • Most popular
  • Libraries

Log in to your account

Log in with GOOGLE


If you do not have an external account, but do have a local account, you can still log in:

  1. Home
  2. MARC view: The Littles :
Normal view MARC view ISBD view

The Littles : (Record no. 47476)

[ view plain ]
MARC details
000 -LEADER
fixed length control field 01196cam a2200409 a 4500
001 - CONTROL NUMBER
control field 884452
003 - CONTROL NUMBER IDENTIFIER
control field OSt
005 - DATE AND TIME OF LATEST TRANSACTION
control field 20140425133546.0
008 - FIXED-LENGTH DATA ELEMENTS--GENERAL INFORMATION
fixed length control field 820222s1981 nyua j 000 1 eng
010 ## - LIBRARY OF CONGRESS CONTROL NUMBER
LC control number 80084445
020 ## - INTERNATIONAL STANDARD BOOK NUMBER
International Standard Book Number 0590462237
040 ## - CATALOGING SOURCE
Original cataloging agency DLC
Transcribing agency DLC
Modifying agency DLC
042 ## - AUTHENTICATION CODE
Authentication code lcac
050 00 - LIBRARY OF CONGRESS CALL NUMBER
Classification number PZ 7
Item number .P485 1968 ,1978 , 1979 ,1983
082 00 - DEWEY DECIMAL CLASSIFICATION NUMBER
Classification number KF
Item number P44lr 1968
100 1# - MAIN ENTRY--PERSONAL NAME
Personal name Peterson, John Lawrence,
Dates associated with a name 1924-
9 (RLIN) 5494
245 04 - TITLE STATEMENT
Title The Littles :
Remainder of title story and pictures /
Statement of responsibility, etc by John Peterson.
260 ## - PUBLICATION, DISTRIBUTION, ETC. (IMPRINT)
Place of publication, distribution, etc New York :
Name of publisher, distributor, etc Scholastic,
Date of publication, distribution, etc c1968.
300 ## - PHYSICAL DESCRIPTION
Extent 94 p. :
Other physical details ill. ;
Dimensions 19 cm.
520 ## - SUMMARY, ETC.
Summary, etc A family of tiny people experiences a crisis when a baby is born during a snowstorm.
521 ## - TARGET AUDIENCE NOTE
Target audience note
526 ## - STUDY PROGRAM INFORMATION NOTE
Reading level 460
562 ## - COPY AND VERSION IDENTIFICATION NOTE
Number of copies 2
650 #0 - SUBJECT ADDED ENTRY--TOPICAL TERM
Topical term or geographic name as entry element Little family (Fictitious characters)
Form subdivision Fiction.
9 (RLIN) 5495
650 #1 - SUBJECT ADDED ENTRY--TOPICAL TERM
Topical term or geographic name as entry element Fantasy.
9 (RLIN) 3293
830 ## - SERIES ADDED ENTRY--UNIFORM TITLE
Uniform title To the Rescue
9 (RLIN) 5645
830 ## - SERIES ADDED ENTRY--UNIFORM TITLE
Uniform title To the Rescue
9 (RLIN) 5645
830 ## - SERIES ADDED ENTRY--UNIFORM TITLE
Uniform title the big storm
9 (RLIN) 5642
830 ## - SERIES ADDED ENTRY--UNIFORM TITLE
Uniform title Go Exploring
9 (RLIN) 5643
830 ## - SERIES ADDED ENTRY--UNIFORM TITLE
Uniform title Go to school
9 (RLIN) 5664
830 ## - SERIES ADDED ENTRY--UNIFORM TITLE
Uniform title Take a trip
9 (RLIN) 5641
906 ## - LOCAL DATA ELEMENT F, LDF (RLIN)
a 7
b cbc
c orignew
d 2
e opcn
f 19
g y-gencatlg
942 ## - ADDED ENTRY ELEMENTS (KOHA)
Source of classification or shelving scheme Library of Congress Classification
Koha item type Books
Holdings
Withdrawn status Lost status Source of classification or shelving scheme Damaged status Home library Current library Shelving location Date acquired Total Checkouts Full call number Barcode Date last seen Copy number Price effective from Koha item type
    Library of Congress Classification   Munich Library Munich Library Scholastic Reading Center Section 03/17/2014   PZ 7 .P485 2007 MS0925 03/17/2014 1 03/17/2014 Books

The Littles :

APA

Peterson J. L., . (1968). The Littles. New York: Scholastic.

Chicago

Peterson John Lawrence, . 1968. The Littles. New York: Scholastic.

Harvard

Peterson J. L., . (1968). The Littles. New York: Scholastic.

MLA

Peterson John Lawrence, . The Littles. New York: Scholastic. 1968.

  • Place hold
  • Print
  • Cite
  • Add to your cart (remove)
  • Save record
    BIBTEX Dublin Core MARCXML MARC (non-Unicode/MARC-8) MARC (Unicode/UTF-8) MARC (Unicode/UTF-8, Standard) MODS (XML) RIS
  • More searches
    Search for this title in:
    Other Libraries (WorldCat) Other Databases (Google Scholar) Online Stores (Bookfinder.com) Open Library (openlibrary.org)

Exporting to Dublin Core...

SOUTHVILLE LIBRARY

Southville International School and Colleges Library

1281 Tropical Ave. Cor. Luxembourg St., BF Homes International, Las Pinas City

Tel. No. 8256374 / 252358 Loc. 117/146

Powered by Koha